Tous les champions de la WWE - Statistiques

Statistiques générales
  • Ce quiz a été pris 559 fois
    100 depuis la dernière actualisation
  • Le résultat moyen est 187 sur 374
Statistiques - réponses
Titre Année Nombre Réponse % Correct
WWE Intercontinental 1996 5 Hunter Hearst Helmsley
100%
WWE Tag team 2017 6 The New Day (Big E, Xavier Woods et Kofi Kingston)
97%
WWE World Tag Team 2015 5 The New Day (Xavier Woods, Big E et Kofi Kingston)
97%
WWE World Tag Team 2009 1 D-Generation X (Shawn Michaels et Triple H)
95%
WWE World Tag Team 2011 1 The Miz et John Cena
95%
WWE 1999 9 Triple H
95%
WWE 2021 1 Big E
94%
WWE Intercontinental 2013 2 Big E
94%
WWE Intercontinental 2003 1 Booker T
91%
WWE United States 2004 3 Booker T
91%
WWE 2005 14 John Cena
91%
WWE Intercontinental 2025 1 John Cena
91%
WWE United States 2004 5 John Cena
91%
WWE World Tag Team 2010 1 Nexus (David Otunga et John Cena)
91%
WWE World Tag Team 2021 2 RK-Bro (Randy Orton et Riddle)
91%
WWE Tag team 2016 1 Wyatt Family (Bray Wyatt, Luke Harper et Randy Orton)
91%
WWE 2007 10 Randy Orton
90%
WWE Intercontinental 2003 1 Randy Orton
90%
WWE United States 2018 1 Randy Orton
90%
WWE World Tag Team 2002 1 Edge et Rey Mysterio
88%
WWE World Tag Team 2013 1 The Shield (Seth Rollins et Roman Reigns)
88%
WWE World Tag Team 2009 1 Chris Jericho et Edge
87%
WWE World Tag Team 2011 1 Kane et Big Show
87%
WWE World Tag Team 2004 1 Rey Mysterio et Rob Van Dam
87%
WWE World Tag Team 2005 1 Batista et Rey Mysterio
86%
WWE Tag team 2021 1 Dominik Mysterio et Rey Mysterio
86%
WWE 2015 4 Roman Reigns
86%
WWE Intercontinental 2017 1 Roman Reigns
86%
WWE United States 2016 1 Roman Reigns
86%
WWE World Tag Team 2010 1 The Miz et The Big Show
86%
WWE World Tag Team 2017 2 Dean Ambrose et Seth Rollins
84%
WWE World Tag Team 2018 1 Deleters of World (Bray Wyatt et Matt Hardy)
84%
WWE World Tag Team 2005 1 Eddie Guerrero et Rey Mysterio
84%
WWE World Tag Team 2017 2 The Club (Karl Anderson et Luke Gallows)
84%
WWE World Tag Team 2019 1 Braun Strowman et Seth Rollins
83%
WWE World Tag Team 2009 1 Chris Jericho et Big Show
83%
WWE World Tag Team 2017 1 Jason Jordan et Seth Rollins
83%
WWE World Tag Team 2020 1 Murphy et Seth Rollins
83%
WWE 2011 1 Rey Mysterio
83%
WWE Intercontinental 2009 2 Rey Mysterio
83%
WWE United States 2019 3 Rey Mysterio
83%
WWE 2015 2 Seth Rollins
83%
WWE World Heavyweight 2023 2 Seth Rollins
83%
WWE Intercontinental 2018 2 Seth Rollins
83%
WWE United States 2015 2 Seth Rollins
83%
WWE 1991 4 The undertaker
83%
WWE Tag team 2023 1 Cody Rhodes et Jey Uso
82%
WWE World Tag Team 2023 1 Cody Rhodes et Jey Uso
82%
WWE Women's Tag Team 2021 1 Nikki ASH et Rhea Ripley
82%
WWE Women's Tag Team 2020 1 Asuka et Charlotte Flair
81%
WWE World Tag Team 2024 1 Awesome Truth (R-Truth et The Miz
81%
WWE 2006 4 Edge
81%
WWE Intercontinental 1999 5 Edge
81%
WWE 2017 1 Bray Wyatt
79%
WWE Women's 2016 6 Charlotte Flair
79%
WWE Women's World 2017 7 Charlotte Flair
79%
WWE 1984 6 Hulk Hogan
79%
WWE World Tag Team 2012 1 Kofi Kingston et R-Truth
79%
WWE 1992 2 Ric Flair
79%
WWE Intercontinental 2005 1 Ric Flair
79%
WWE Women's Tag Team 2019 2 Alexa Bliss et Nikki Cross
78%
WWE World Tag Team 2012 1 Team Hell No (Daniel Bryan et Kane)
78%
WWE World Tag Team 2010 1 Dashing Ones (Cody Rhodes et Drew Mcintyre)
77%
WWE 2016 1 Dean Ambrose
77%
WWE Intercontinental 2015 3 Dean Ambrose
77%
WWE United States 2013 1 Dean Ambrose
77%
WWE World Heavyweight 2025 1 Jey Uso
77%
WWE Intercontinental 2024 1 Jey Uso
77%
WWE 1998 1 Kane
77%
WWE Intercontinental 2001 2 Kane
77%
WWE Tag team 2019 1 Shane Mcmahon et The Miz
77%
WWE Tag team 2017 5 The Usos (Jey Uso et Jimmy Uso)
77%
WWE World Tag Team 2014 4 The Usos (Jey Uso et Jimmy Uso)
77%
WWE World Tag Team 2011 1 Air Boom (Evan Bourne et Kofi Kingston)
75%
WWE 2011 2 CM Punk
75%
WWE World Heavyweight 2025 2 CM Punk
75%
WWE Intercontinental 2009 1 CM Punk
75%
WWE Tag team 2023 2 The Judgement day (Damian Priest et Finn Balor)
75%
WWE World Tag Team 2023 2 The Judgement Day (Damian Priest et Finn Balor)
75%
WWE World Tag Team 2014 1 Damien Mizdow et The Miz
74%
WWE Tag team 2020 1 John Morrison et The Miz
74%
WWE World Tag Team 2007 1 John Morrison et The Miz
74%
WWE 2019 1 Kofi Kingston
74%
WWE Intercontinental 2008 4 Kofi Kingston
74%
WWE United States 2009 3 Kofi Kingston
74%
WWE 1996 3 Shawn Michaels
74%
WWE Intercontinental 1992 3 Shawn Michaels
74%
WWE 2010 2 The Miz
74%
WWE Intercontinental 2012 8 The Miz
74%
WWE United States 2009 2 The Miz
74%
WWE 2024 3 Cody Rhodes
73%
WWE Intercontinental 2011 2 Cody Rhodes
73%
WWE Intercontinental 2025 2 Dominik Mysterio
73%
WWE 2009 2 Batista
71%
WWE Women's Tag Team 2023 1 Becky Lynch et Lita
71%
WWE Women's Tag Team 2019 2 Boss'N'Hug Connection (Sasha Banks et Bayley)
71%
WWE World Tag Team 2016 4 Cesaro et Sheamus
71%
WWE 2001 1 Chris Jericho
71%
WWE Intercontinental 1999 9 Chris Jericho
71%
WWE United States 2017 2 Chris Jericho
71%
WWE World Tag Team 2013 2 Cody Rhodes et Goldust
71%
WWE World Tag Team 2018 1 Dolph Ziggler et Drew Mcintyre
71%
WWE Intercontinental 1996 3 Goldust
71%
WWE Intercontinental 1997 2 Rocky Maivia
71%
WWE Tag team 2018 1 The Bar (Cesaro et Sheamus)
71%
WWE 1999 2 The Big Show
71%
WWE Intercontinental 2012 1 The Big Show
71%
WWE United States 2003 1 The Big Show
71%
WWE Women's Tag Team 2022 1 Alexa Bliss et Asuka
70%
WWE Women's 2019 2 Becky Lynch
70%
WWE Women's World 2016 5 Becky Lynch
70%
WWE Women Intercontinental 2025 2 Becky Lynch
70%
WWE 2002 7 Brock Lesnar
70%
WWE World Tag Team 2007 1 Matt Hardy et MVP
70%
WWE Women's 2021 1 Rhea Ripley
70%
WWE Women's World 2023 2 Rhea Ripley
70%
WWE Women's Tag Team 2026 1 RHIYO (IYO SKY et Rhea Ripley)
70%
WWE World Tag Team 2002 1 Chris Benoit et Kurt Angle
69%
WWE 2020 3 Drew Mcintyre
69%
WWE World Heavyweight 2024 1 Drew Mcintyre
69%
WWE Intercontinental 2009 1 Drew Mcintyre
69%
WWE World Tag Team 2017 1 Hardy Boyz (Jeff Hardy et Matt Hardy)
69%
WWE 2008 1 Jeff Hardy
69%
WWE Intercontinental 2001 5 Jeff Hardy
69%
WWE United States 2018 1 Jeff Hardy
69%
WWE Tag team 2019 1 The Hardy Boyz (Jeff Hardy et Matt Hardy)
69%
WWE World Tag Team 2024 2 The Judgement Day (Finn Balor et JD Mcdonagh)
69%
WWE World Heavyweight 2024 1 Damian Priest
68%
WWE United States 2021 1 Damian Priest
68%
WWE Intercontinental 2019 2 Finn Balor
68%
WWE United States 2022 1 Finn Balor
68%
WWE 2006 1 Rob Van Dam
66%
WWE Intercontinental 2002 6 Rob Van Dam
66%
WWE Women's 2020 3 Asuka
65%
WWE Women's World 2018 1 Asuka
65%
WWE Women's Tag Team 2019 3 Kabuki Warriors (Asuka et Kairi Sane)
65%
WWE United States 2008 1 Matt Hardy
65%
WWE Women's Tag Team 2022 1 Naomi et Sasha Banks
65%
WWE 2009 3 Sheamus
65%
WWE United States 2011 3 Sheamus
65%
WWE Tag team 2023 1 Kevin Owens et Sami Zayn
64%
WWE World Tag Team 2023 1 Kevin Owens et Sami Zayn
64%
WWE 1998 6 Steve Austin
64%
WWE Intercontinental 1997 2 Steve Austin
64%
WWE 1988 1 Andre The Giant
62%
WWE Women's 2017 2 Bayley
62%
WWE Women's World 2019 2 Bayley
62%
WWE Women's Tag Team 2022 2 Damage Control (Dakota Kai et IYO SKY)
61%
WWE Tag team 2021 1 Dirty Dawgs (Dolph Ziggler et Robert Roode)
61%
WWE World Tag Team 2019 1 Dolph Ziggler et Robert Roode
61%
WWE World Heavyweight 2024 2 Gunther
61%
WWE Intercontinental 2022 1 Gunther
61%
WWE 2016 2 AJ Styles
60%
WWE Intercontinental 2020 1 AJ Styles
60%
WWE United States 2017 3 AJ Styles
60%
WWE World Tag Team 2021 1 AJ Styles et Omos
60%
WWE Women's Tag Team 2024 2 Bianca Belair et Jade Cargill
60%
WWE Intercontinental 2010 6 Dolph Ziggler
60%
WWE United States 2011 2 Dolph Ziggler
60%
WWE 1998 8 The Rock
60%
WWE Women's 2017 3 Alexa Bliss
58%
WWE Women's World 2016 2 Alexa Bliss
58%
WWE Women's Tag Team 2025 1 Alexa Bliss et Charlotte Flair
58%
WWE Tag team 2026 1 Damian Priest et R-Truth
58%
WWE United States 2010 2 R Truth
58%
WWE 2011 2 Alberto Del Rio
57%
WWE United States 2015 2 Alberto Del Rio
57%
WWE Intercontinental 2015 2 Kevin Owens
57%
WWE United States 2017 3 Kevin Owens
57%
WWE Intercontinental 2020 4 Sami Zayn
57%
WWE United States 2025 2 Sami Zayn
57%
WWE Women's 2016 5 Sasha Banks
57%
WWE Women's World 2020 1 Sasha Banks
57%
WWE Intercontinental 2000 4 Chris Benoit
56%
WWE United States 2005 3 Chris Benoit
56%
WWE Tag team 2019 1 Daniel Bryan et Rowan
56%
WWE 2004 1 Eddie Guerrero
56%
WWE Intercontinental 2000 2 Eddie Guerrero
56%
WWE United States 2003 1 Eddie Guerrero
56%
WWE Women's 2023 1 Iyo Sky
56%
WWE Women's World 2025 1 IYO SKY
56%
WWE 2000 4 Kurt Angle
56%
WWE Intercontinental 2000 1 Kurt Angle
56%
WWE World Tag Team 2002 2 Los Guerreros (Chavo Guerrero et Eddie Guerrero)
56%
WWE Tag team 2020 1 Cesaro et Shinsuke Nakamura
55%
WWE 2013 4 Daniel Bryan
55%
WWE Intercontinental 2015 1 Daniel Bryan
55%
WWE United States 2010 1 Daniel Bryan
55%
WWE Women's Tag Team 2023 4 Liv Morgan et Raquel Rodriguez
55%
WWE Women's Tag Team 2020 2 Nia Jax et Shayna Baszler
55%
WWE Women Intercontinental 2026 1 AJ Lee
53%
WWE World Tag Team 2025 1 AJ Styles et Dragon Lee
53%
WWE World Tag Team 2018 1 Braun Strowman et Nicholas
53%
WWE Women's Tag Team 2024 1 Bianca Belair et Naomi
52%
WWE 1992 5 Bret Hart
52%
WWE Intercontinental 1991 2 Bret Hart
52%
WWE United States 2010 1 Bret Hart
52%
WWE Women's 2025 1 Jade Cargill
52%
WWE Women's World 2022 2 Liv Morgan
52%
WWE Women's World 2017 3 Naomi
52%
WWE World Tag Team 2003 1 Eddie Guerrero et Tajiri
51%
WWE Women's 2018 2 Nia Jax
51%
WWE Intercontinental 2020 1 Braun Strowman
49%
WWE World Tag Team 2015 1 Cesaro et Tyson Kidd
49%
WWE Intercontinental 2001 4 Christian
49%
WWE United States 2012 1 Antonio Cesaro
48%
WWE Women's 2022 2 Bianca Belair
48%
WWE Women's World 2021 1 Bianca Belair
48%
WWE Tag team 2018 1 Bludgeon brothers (Luke Harper et Erick Rowan)
48%
WWE United States 2023 1 Logan Paul
48%
WWE 1998 3 Mankind
48%
WWE World Tag Team 2026 1 The Vision (Austin Theory et Logan Paul)
48%
WWE United States 2007 2 MVP
47%
WWE 1999 1 Vince Mcmahon
47%
WWE Tag team 2024 1 Bloodline (Tama Tonga, Tonga Loa et Jacob Fatu)
45%
WWE 1963 2 Bruno Sammartino
45%
WWE Women's Tag Team 2023 1 Chelsea Green et Sonya Deville
45%
WWE 2017 1 Jinder Mahal
45%
WWE United States 2018 1 Jinder Mahal
45%
WWE United States 2025 1 Solo Sikoa
45%
WWE World Tag Team 2018 1 AOP (Akam et Rezar)
44%
WWE 2021 2 Bobby Lashley
44%
WWE Intercontinental 2019 2 Bobby Lashley
44%
WWE United States 2006 3 Bobby Lashley
44%
WWE World Tag Team 2018 1 Bobby Roode et Chad Gable
44%
WWE Women's Tag Team 2023 1 Chelsea Green et Piper Niven
44%
WWE United States 2025 1 Jacob Fatu
44%
WWE Intercontinental 2026 1 Penta
44%
WWE 1988 2 Randy Savage
44%
WWE Intercontinental 1986 1 Randy Savage
44%
WWE Women's Tag Team 2023 1 Ronda Rousey et Shayna Baszler
44%
WWE Women's 2025 1 Tiffany Stratton
44%
WWE United States 2022 2 Austin Theory
43%
WWE Women United States 2024 2 Chelsea Green
43%
WWE Intercontinental 2014 1 Luke Harper
43%
WWE Intercontinental 1988 2 The Ultimate Warrior
43%
WWE 1990 1 Ultimate Warrior
43%
WWE Tag team 2024 1 A Town Down Under (Austin Theory et Grayson Waller)
42%
WWE 2004 1 John Bradshaw Layfield
42%
WWE Intercontinental 2009 1 John Bradshaw Layfield
42%
WWE Tag team 2016 1 American Alpha (Chad Gable et Jason Jordan)
40%
WWE Intercontinental 2006 3 Johnny Nitro
40%
WWE World Tag Team 2005 3 MNM (Mercury et Nitro)
40%
WWE Intercontinental 1997 2 Owen Hart
40%
WWE World Tag Team 2022 1 Alpha Academy (Chad Gable et Otis)
39%
WWE 1994 1 Diesel
39%
WWE Intercontinental 1994 1 Diesel
39%
WWE Women's 2018 1 Ronda Rousey
39%
WWE Women's World 2022 2 Ronda Rousey
39%
WWE Intercontinental 2019 2 Shinsuke Nakamura
39%
WWE United States 2018 3 Shinsuke Nakamura
39%
WWE Intercontinental 2024 2 Bron Breakker
38%
WWE United States 2025 1 Carmelo Hayes
38%
WWE United States 2024 2 LA Knight
38%
WWE Women's World 2025 1 Stephanie Vaquer
38%
WWE Women's 2021 1 Nikki ASH
36%
WWE Women's Tag Team 2022 1 Aliyah et Raquel Rodriguez
35%
WWE Women's Tag Team 2025 1 Becky Lynch et Lyra Valkyria
35%
WWE World Tag Team 2004 1 Charlie Haas et Rico
35%
WWE Women Intercontinental 2025 1 Lyra Valkyria
35%
WWE Women United States 2025 2 Giulia
32%
WWE Women's Tag Team 2021 1 Natalya et Tamina
32%
WWE United States 2014 3 Rusev
32%
WWE 1993 2 Yokozuna
32%
WWE Intercontinental 2001 1 Albert
31%
WWE Women's Tag Team 2021 1 Carmella et Queen Zelina
31%
WWE United States 2018 1 Bobby Roode
30%
WWE United States 2021 1 Riddle
30%
WWE United States 2025 1 Ilja Dragunov
29%
WWE Intercontinental 1993 4 Razor Ramon
29%
WWE United States 2012 1 Jack Swagger
27%
WWE Women's World 2017 1 Natalya
27%
WWE World Tag Team 2010 3 Nexus (Heath Slater et Justin Gabriel)
27%
WWE Intercontinental 2004 3 Shelton Benjamin
27%
WWE United States 2008 1 Shelton Benjamin
27%
WWE World Tag Team 2003 2 Team Angle (Charlie Haas et Shelton Benjamin)
27%
WWE Intercontinental 1987 1 The Honky Tonk Man
27%
WWE World Tag Team 2020 1 The Hurt Business (Cedric Alexander et Shelton Benjamin)
27%
WWE Intercontinental 2011 5 Wade Barrett
27%
WWE World Tag Team 2008 2 Curt Hawkins et Zack Ryder
26%
WWE World Tag Team 2004 1 Dudley Boyz (Bubba Ray Dudley et D-Von Dudley)
26%
WWE Women Intercontinental 2025 1 Maxxine Dupri
26%
WWE Tag team 2020 2 Street Profits (Angelo Dawkins et Montez Ford)
26%
WWE World Tag Team 2020 1 Street Profits (Angelo Dawkins et Montez Ford)
26%
WWE Women's Tag Team 2026 1 The Irresistible Forces (Nia Jax et Lash Legend)
26%
WWE Intercontinental 2007 2 Umaga
26%
WWE Intercontinental 2016 1 Zack Ryder
26%
WWE United States 2011 1 Zack Ryder
26%
WWE World Tag Team 2008 1 Carlito et Primo
25%
WWE Intercontinental 2015 1 Ryback
25%
WWE Tag team 2026 1 The MFT's (Solo Sikoa et Tama Tonga)
25%
WWE Intercontinental 2005 1 Carlito
23%
WWE United States 2004 1 Carlito
23%
WWE Women's World 2018 1 Carmella
22%
WWE Intercontinental 2022 1 Ricochet
22%
WWE United States 2019 1 Ricochet
22%
WWE United States 2019 2 Samoa Joe
22%
WWE Intercontinental 2007 2 Santino Marella
22%
WWE United States 2012 1 Santino Marella
22%
WWE Women United States 2025 1 Zelina Vega
22%
WWE 1978 2 Bob Backlund
21%
WWE Tag team 2016 1 Heath Slater et Rhyno
21%
WWE 1983 1 Iron Sheik
21%
WWE World Tag Team 2010 1 Santino Marella et Vladimir Kozlov
21%
WWE Tag team 2024 2 #DIY (Johnny Gargano et Tommaso Ciampa)
19%
WWE United States 2006 1 Finlay
19%
WWE Intercontinental 1999 1 Road Dogg
19%
WWE Intercontinental 1992 1 Roddy Piper
19%
WWE 1991 1 Sergent Slaughter
19%
WWE World Tag Team 2011 1 David Otunga et Michael McGuillicutty
18%
WWE United States 2005 1 Orlando Jordan
18%
WWE Intercontinental 2000 1 Rikishi
17%
WWE World Tag Team 2004 1 Rikishi et Scotty 2 Hotty
17%
WWE 1996 2 Sicho Sid
17%
WWE Women's Tag Team 2025 1 The Judgement Day (Raquel Rodriguez et Roxanne Perez)
17%
WWE United States 2019 1 Andrade
16%
WWE United States 2017 1 Baron Corbin
16%
WWE Tag team 2024 1 Motor City Machine Guns (Alex Shelley et Chris Sabin)
16%
WWE United States 2006 1 Mr Kennedy
16%
WWE Intercontinental 1987 1 Ricky Steamboat
16%
WWE World Tag Team 2018 1 B-Team (Bo Dallas et Curtis Axel)
14%
WWE World Tag Team 2010 1 The Hart Dynasty (David Hart Smith et Tyson Kidd)
14%
WWE Intercontinental 2011 1 Ezekiel Jackson
13%
WWE World Tag Team 2015 1 Prime Time Players (Darren Young et Titus O'Neil)
13%
WWE Intercontinental 1992 1 British Bulldog
12%
WWE World Tag Team 2012 1 Epico et Primo
12%
WWE United States 2016 2 Kalisto
12%
WWE 1971 1 Pedro Morales
12%
WWE Intercontinental 1980 2 Pedro Morales
12%
WWE 1963 1 Buddy Rogers
10%
WWE Intercontinental 2002 2 William Regal
10%
WWE 1971 1 Ivan Koloff
9%
WWE Intercontinental 1990 2 Mr Perfect
9%
WWE World Tag Team 2014 1 New Age Outlaws (Billy Gunn et Road Dogg)
9%
WWE Intercontinental 1979 1 Pat Patterson
9%
WWE Intercontinental 1989 1 Rick Rude
9%
WWE Tag team 2019 1 The Revival (Dash Wilder et Scott Dawson)
9%
WWE World Tag Team 2019 2 The revival (Dash Wilder et Scott Dawson)
9%
WWE World Tag Team 2019 2 Viking Raiders (Erik et Ivar)
9%
WWE Intercontinental 2021 1 Apollo Crews
8%
WWE United States 2020 1 Apollo Crews
8%
WWE 1977 1 Billy Graham
8%
WWE World Tag Team 2004 1 Billy Kidman et Paul London
8%
WWE World Tag Team 2006 1 Brian Kendrick et Paul London
8%
WWE Intercontinental 1999 3 Chyna
8%
WWE Intercontinental 2013 1 Curtis Axel
8%
WWE Women's Tag Team 2019 1 IICONICS (Peyton Royce et Billie Kay)
8%
WWE Intercontinental 2001 1 Test
8%
WWE Intercontinental 2000 1 Billy Gunn
6%
WWE World Tag Team 2007 1 Deuce et Domino
6%
WWE Intercontinental 1998 1 Ken Shamrock
6%
WWE 1973 1 Stan Stasiak
6%
WWE Tag team 2025 1 The Wyatt Sicks (Dexter Lumis et Joe Gacy)
6%
WWE Intercontinental 1984 2 Tito Santana
6%
WWE Intercontinental 1984 1 Greg Valentine
5%
WWE Intercontinental 1995 6 Jeff Jarrett
5%
WWE Women's Tag Team 2024 1 The Unholy Union (Alba Fyre et Isla Dawn)
5%
WWE Intercontinental 1996 1 Ahmed Johnson
4%
WWE World Tag Team 2004 1 Kenzo Suzuki et Rene Dupree
4%
WWE Intercontinental 1996 1 Marc Mero
4%
WWE World Tag Team 2003 2 Basham Brothers (Doug Basham et Danny Basham)
3%
WWE Intercontinental 1999 1 D-Lo Brown
3%
WWE Intercontinental 1999 1 Godfather
3%
WWE Intercontinental 1993 1 Marty Jannetty
3%
WWE Intercontinental 1990 1 Texas Tornado
3%
WWE Intercontinental 1999 2 Val Venis
3%
WWE Intercontinental 1995 1 Dean Douglas
1%
WWE United States 2006 1 John Bradshaw Layfield
1%
WWE Intercontinental 1980 1 Ken Patera
1%
WWE Intercontinental 2001 1 Lance Storm
1%
WWE World Tag Team 2005 1 Legion of Doom (Heidenreich et Road Warrior Animal)
1%
WWE Intercontinental 1992 1 Mountie
1%
WWE Intercontinental 1981 2 The Magnificient Muraco
1%
WWE Women's Tag Team 2023 1 Katana Chance et Kayden Carter
0%
Aucun quiz correspondant
Distribution des résultats
% des personnes avec chaque résultat
Percentile par nombre de réponses
Votre historique - résultats
Vous n’avez pas pris ce quiz depuis la dernière actualisation